GEN.2 : Take a deep breath. prepare to be astonished.

Bibliographic Details
Format: Book
Published: Malaysia: Perusahaan Otomobil Nasional, 2004.
Subjects:
LEADER 00571cam a2200157 7i4500
001 0000013853
005 20040505090000.0
090 0 0 |a CD 338.476292   |b GEN(M) 
245 0 0 |a GEN.2 :   |b Take a deep breath. prepare to be astonished. 
260 0 0 |a Malaysia:   |b Perusahaan Otomobil Nasional,   |c 2004. 
300 # # |a Electronic computer optical disc(CD-ROM). 
650 0 0 |a Automobile industry and trade --   |z Malaysia  
650 0 0 |a Automotive --   |z Malaysia  
650 0 0 |a Proton automobiles --   |z Malaysia  
651 0 0 |a Malaysia  
999 |a CDR000385H  |b CD-ROM  |c AV Collection  |e Business Information Centre